000 00687 a2200193 4500
999 _c1833
_d1833
020 _a9781868531707
050 0 0 _aLB 147 HER 1997
100 _aDanner, Helmut
_eEditor
245 0 0 _aHermeneutics and educational discourse /
_cedited by Helmut Danner
264 _aSandton:
_bHeinemann,
_c1997
300 _avi, 154p. :
_bill.
440 0 _aHeinemann philosophy of education series
500 _aIncludes bibliographical references and index.
504 _aIncludes bibliographical references and index.
650 0 _aEducation
_xPhilosophy.
650 0 _aHermeneutics.
942 _2lcc
_cBK
_h147.H47
_iHER
_kLB